000 03911cam a22012494i 4500
003 PE-LiUPU
005 20250813185420.0
008 180613s2016 ck a rb 000 0 spa d
020 _a9789587725582
035 _a(Sirsi) a248896
040 _aPE-LiUPU
_bspa
_cPE-LiUPU
_erda
049 _aPRUA
082 0 4 _a346.07
_bA8
_220
245 0 0 _aAspectos contemporáneos de la negociación nacional e internacional /
_cdirectora Adriana Zapata Giraldo ; coordinadores Luis Alfonso Gómez Domínguez, Gustavo Piedrahita Forero.
250 _aPrimera edición.
264 1 _aBogotá :
_bUniversidad Externado de Colombia,
_c2016.
300 _a302 páginas :
_bilustraciones ;
_c24 centímetros
336 _atext
_2rdacontent
337 _aunmediated
_2rdamedia
338 _avolume
_2rdacarrier
504 _aBibliografía al final de cada capítulo.
505 0 _aLa estructura de la experiencia subjetiva en la negociación -- Estrategia de negociación integrativa: la mejor alternativa para un acuerdo exitoso -- Negociación transcultural -- La influencia del género en la negociación -- Aproximaciones al manejo de la complejidad, incertidumbre e inestabilidad en negociaciones multilaterales -- Instrumentos jurídicos de negociación corporativa -- De la negociación del set de responsabilidad en operaciones de fusiones y adquisiciones -- Cómo negociar derechos de propiedad intelectual: estrategias legales y de mercado -- Parte de resolución de conflictos -- El rol del abogado frente al conflicto -- La cultura de la negociación articulada y el conflicto positivo -- La conciliación o la mediación, el mecanismo ideal para la recomposición de las relaciones personales y empresariales.
526 _aP202
526 _aP201
526 _aP163
526 _aP162
526 _aP161
526 _aP160
526 _aP148
526 _aP147
526 _aP146
526 _aP145
526 _aP144
526 _aP143
526 _aP142
526 _aP141
526 _aP140
526 _aP139
526 _aP138
526 _aP137
526 _aP136
526 _aP135
526 _aP134
526 _aP133
526 _aP129
526 _aP128
526 _aP127
526 _aP120
526 _aP119
526 _aP118
526 _aP116
526 _aP115
526 _aP114
526 _aP110
526 _aP109
526 _aP108
526 _aP104
526 _aP103
526 _aP102
526 _aP99
526 _aP98
526 _aP97
526 _aP96
526 _aP95
526 _aP93
526 _aP90
526 _aP89
526 _aP88
526 _aP83
526 _aP82
526 _aP62
526 _aP59
526 _aP58
526 _aP57
526 _aP51
526 _aP49
526 _aP48
526 _aP47
526 _aP29
526 _aP24
526 _aP20
526 _aP19
526 _aP17
526 _aP15
526 _aP14
526 _aP12
526 _aP10
526 _aP09
526 _aP08
526 _aP07
526 _aP06
526 _aP05
526 _aP04
526 _aP01
541 _g001-003587;
650 1 4 _aNegociación
_xAspectos jurídicos.
650 2 4 _aDerecho comercial.
650 2 4 _aDerecho comercial internacional.
700 1 _aZapata Giraldo, Adriana,
_edirector.
700 1 _aGómez Domínguez, Luis Alfonso,
_coordinador.
700 1 _aPiedrahita Forero, Gustavo,
_coordinador.
910 _adbm
_bcsm
_ccsm
_d20180613
942 _2ddc
_cBOOK
994 _aC0
_bPEPRU
596 _a1
999 _a346.07 A8
_wDEWEY
_c28514
_i78730
_d28514
_f2021-11-5
_g4
_lCCODEBUL1
_mBUL
_p38.80
_q1
_r0
_sY
_tBOOK
_u2018-6-13
_xFCE
_PP04
_0COMPRA
_1FCOMPRA
_o.STAFF. Colección Ciencias Empresariales
980 _81
_gALBERTO SANCHEZ Responsable de Automatización